Click to Translate - Hmong - Statistics

General Stats
  • This quiz has been taken 199 times
  • The average score is 5 of 20
Answer Stats
Hint Answer % Correct
Goodbye Sib ntsib dua
41%
Hello Nyob zoo
35%
White Dawb
31%
Chicken Qaib
31%
Speak Hais
28%
Nine Cuaj
27%
Tomorrow Tag kis
26%
Year Xyoo
26%
Me Kuv
25%
Big Loj
24%
What Dab tsi
21%
Have Muaj
21%
Man Txiv neej
20%
Banana Tsawb
19%
House Tsev
19%
Happy Zoo siab
19%
Book Phau ntawv
18%
Laos Nplog
16%
Please Thov
14%
Car Tsheb
12%
No matching quizzes found
Score Distribution
Percent of People with Each Score
Percentile by Number Answered
Your Score History
You have not taken this quiz